000 00618nam a2200241 i 4500
001 C2-0120495
003 PPAK
005 20180727112603.0
008 970813s1990 enk |||| ||||| | eng d
020 _a1856260062
040 _aPPAK
_beng
_cPPAK
_erda
082 0 4 _a616.8553
_223
090 0 0 _a616.8553
_bINN
_dG
100 1 _aInnes, Paris,
_eauthor
245 1 0 _aDefeating dyslexia
264 1 _aLondon :
_bKyle Cathie Ltd. ,
_c1990
300 _a123 pages ;
_c20 cm
336 _2rdacontent
_atext
337 _2rdamedia
_aunmediated
338 _2rdacarrier
_avolume
650 1 0 _aDyslexia
942 _ddc
_cB
999 _c33822
_d33822